000 00553nam a2200229Ia 4500
003 OSt
005 20220924150649.0
006 a|||||r|||| 00| 0
007 ta
008 220923b |||||||| |||| 00| 0 tel d
024 _a334100
037 _cTextual
040 _aARTS
_cARTS
_btel
041 _2tel
_atel
082 _aO35,3x, M6
100 _aKathalu Itara
_9222644
245 0 _aJebu rumalu
260 _c1986
650 _aTELUGU FICTION
942 _hO35,3x, M6
_cTEXL
_2CC
999 _c464095
_d464095